[Event "GER-chT U10"]
[Site "Magdeburg"]
[Date "2016.12.28"]
[Round "3.2"]
[White "Dorendorf, Mika"]
[Black "Mirschel, Thaddeus"]
[Result "1-0"]
[WhiteElo "906"]
[BlackElo "1057"]
[PlyCount "36"]
[EventDate "2016.12.27"]
[EventType "team-swiss"]
[EventRounds "7"]
[EventCountry "GER"]
[SourceTitle "EXT 2018"]
[Source "ChessBase"]
[SourceDate "2017.10.13"]
[SourceVersion "1"]
[SourceVersionDate "2017.10.13"]
[SourceQuality "1"]
[WhiteTeam "Hamburger SK II"]
[BlackTeam "Magdeburg Schachzwerge"]
[WhiteTeamCountry "GER"]
[BlackTeamCountry "GER"]

1. c4 e5 2. Nc3 Nc6 3. e3 Bc5 4. Nf3 Nf6 5. g3 d5 6. Bg2 dxc4 7. Nxe5 Nxe5 8. d4 Bxd4 9. exd4 Nc6 10. 0-0 0-0 11. Re1 Be6 12. d5 Bxd5 13. Nxd5 Nxd5 14. Qxd5 Re8 15. Qxd8 Raxd8 16. Rxe8+ Rxe8 17. Bf4 Re7 18. Rc1 Nd4 1-0

[Event "GER-chT U10"]
[Site "Magdeburg"]
[Date "2014.12.29"]
[Round "7.4"]
[White "Mirschel, Thaddeus"]
[Black "Adams, Curtis"]
[Result "1-0"]
[WhiteElo "1006"]
[BlackElo "874"]
[PlyCount "73"]
[EventDate "2014.12.27"]
[EventType "team-swiss"]
[EventRounds "7"]
[EventCountry "GER"]
[SourceTitle "EXT 2016"]
[Source "ChessBase"]
[SourceDate "2015.10.08"]
[SourceVersion "1"]
[SourceVersionDate "2015.10.08"]
[SourceQuality "1"]
[WhiteTeam "Magdeburg Schachzwerge"]
[BlackTeam "Bremen Nord"]
[WhiteTeamCountry "GE2"]
[BlackTeamCountry "GER"]

1. e4 e5 2. Nf3 Nc6 3. Bc4 Bc5 4. d3 d6 5. Ng5 Qf6 6. 0-0 Be6 7. Bb3 h6 8. Nf3 Qg6 9. Bxe6 Qxe6 10. Nc3 Nd4 11. Nxd4 exd4 12. Nd5 Rc8 13. b4 Bb6 14. Bb2 c5 15. bxc5 dxc5 16. Qf3 Rc6 17. Qg3 Qg6 18. Qe5+ Re6 19. Qb8+ Bd8 20. Nc7+ Ke7 21. Nxe6 Qxe6 22. Qxb7+ Ke8 23. Qxa7 Ne7 24. Qxc5 Bb6 25. Qb5+ Kf8 26. Rab1 Nc8 27. Ba3+ Kg8 28. f4 Kh7 29. f5 Qf6 30. e5 Qg5 31. Bc1 Qh5 32. e6 fxe6 33. fxe6 Qxb5 34. Rxb5 Re8 35. Re1 Kh8 36. e7 Nd6 37. Rxb6 1-0

[Event "GER-chT U10"]
[Site "Magdeburg"]
[Date "2014.12.28"]
[Round "3.4"]
[White "Mirschel, Thaddeus"]
[Black "Yin, Haode"]
[Result "1-0"]
[WhiteElo "1006"]
[BlackElo "924"]
[PlyCount "113"]
[EventDate "2014.12.27"]
[EventType "team-swiss"]
[EventRounds "7"]
[EventCountry "GER"]
[SourceTitle "EXT 2016"]
[Source "ChessBase"]
[SourceDate "2015.10.08"]
[SourceVersion "1"]
[SourceVersionDate "2015.10.08"]
[SourceQuality "1"]
[WhiteTeam "Magdeburg Schachzwerge"]
[BlackTeam "Paderborn"]
[WhiteTeamCountry "GE2"]
[BlackTeamCountry "GER"]

1. e4 e6 2. d4 d5 3. Nc3 dxe4 4. Nxe4 Bd6 5. Nf3 Nd7 6. Bc4 Ngf6 7. Bg5 a6 8. 0-0 b5 9. Bb3 Bb7 10. Re1 Be7 11. Bxf6 Nxf6 12. Nxf6+ Bxf6 13. Qd3 Bxf3 14. Qxf3 0-0 15. c3 b4 16. Bc2 bxc3 17. bxc3 c5 18. Qh3 g6 19. dxc5 Bxc3 20. Qxc3 Rc8 21. Rad1 Qe7 22. c6 Rc7 23. Bd3 Rfc8 24. Be4 f5 25. Bf3 Re8 26. Re2 Qh4 27. Rde1 Kf7 28. Rd2 Qe7 29. Red1 Kg8 30. Rd7 Rxd7 31. Rxd7 Rb8 32. h3 Qf8 33. c7 Rc8 34. Bb7 Rxc7 35. Rxc7 Qh6 36. Qf6 Qf8 37. Rc8 Qxc8 38. Bxc8 h5 39. Bxe6+ Kh7 40. Bxf5 gxf5 41. Qxf5+ Kh8 42. g4 h4 43. g5 a5 44. g6 Kg7 45. Qf7+ Kh6 46. Qh7+ Kg5 47. Qe7+ Kxg6 48. Qxh4 a4 49. Qxa4 Kh5 50. Qg4+ Kh6 51. a4 Kh7 52. a5 Kh8 53. a6 Kh7 54. a7 Kh8 55. a8Q+ Kh7 56. Qag8+ Kh6 57. Q4g5# 1-0

[Event "GER-ch U10"]
[Site "Magdeburg"]
[Date "2014.06.13"]
[Round "10"]
[White "Pahl, Theis"]
[Black "Mirschel, Thaddeus"]
[Result "1-0"]
[WhiteElo "1311"]
[BlackElo "1094"]
[PlyCount "119"]
[EventDate "2014.06.08"]
[EventType "swiss"]
[EventRounds "11"]
[EventCountry "GER"]
[SourceTitle "CBM 160 Extra"]
[Source "ChessBase"]
[SourceDate "2014.07.01"]
[SourceVersion "1"]
[SourceVersionDate "2014.07.01"]
[SourceQuality "1"]

1. e4 e5 2. Nc3 Nf6 3. f4 d5 4. fxe5 Nxe4 5. d3 Nxc3 6. bxc3 Be7 7. d4 0-0 8. Nf3 Bf5 9. Be2 Nc6 10. 0-0 Be4 11. Bd3 Qd7 12. Qe2 Qg4 13. Re1 Bf5 14. Qf2 Qh5 15. Bxf5 Qxf5 16. Rb1 b6 17. Re2 Rfd8 18. Be3 h6 19. Qg3 Qe6 20. Rf1 Rac8 21. Nh4 Bxh4 22. Qxh4 Ne7 23. Qg3 Nf5 24. Qf3 Nh4 25. Qg3 Nf5 26. Qf3 Nh4 27. Qh5 Ng6 28. Ref2 Rd7 29. h3 Rf8 30. Rf3 c6 31. R3f2 a5 32. Qe2 Rc7 33. Qa6 Rb8 34. Qe2 c5 35. Qb5 c4 36. Rf3 Rbb7 37. R3f2 Ra7 38. Qb2 Nh4 39. Rf4 Ng6 40. R4f2 Rab7 41. Qb5 Re7 42. Kh1 Rec7 43. Kg1 Rc6 44. Kh1 Rd7 45. Kg1 Nh4 46. Rf4 Qe7 47. Qxc6 Qg5 48. R1f2 Re7 49. Qxb6 f6 50. e6 Kh7 51. Qd6 Rb7 52. e7 Rb1+ 53. Kh2 Rb6 54. Qxb6 Qg6 55. Qd8 Nf3+ 56. R4xf3 h5 57. e8Q Qxe8 58. Qxe8 h4 59. Rxf6 g6 60. Rf7# 1-0

[Event "GER-ch U10"]
[Site "Magdeburg"]
[Date "2014.06.09"]
[Round "3"]
[White "Mirschel, Thaddeus"]
[Black "Sulzbacher, Marijana"]
[Result "1-0"]
[WhiteElo "1094"]
[BlackElo "1016"]
[PlyCount "57"]
[EventDate "2014.06.08"]
[EventType "swiss"]
[EventRounds "11"]
[EventCountry "GER"]
[SourceTitle "CBM 160 Extra"]
[Source "ChessBase"]
[SourceDate "2014.07.01"]
[SourceVersion "1"]
[SourceVersionDate "2014.07.01"]
[SourceQuality "1"]

1. e4 e5 2. Nf3 Nf6 3. Nxe5 d6 4. Nf3 Nxe4 5. d4 Bg4 6. Bd3 d5 7. 0-0 Bxf3 8. Qxf3 Nf6 9. Re1+ Be7 10. Nc3 Nc6 11. Be3 Nb4 12. a3 Nxd3 13. cxd3 Qd6 14. Bf4 Qc6 15. Qg3 Rc8 16. Qxg7 Rg8 17. Qh6 Qb6 18. Rab1 Qxd4 19. Rbd1 Kd8 20. Bg3 c6 21. Qf4 Qb6 22. Rxe7 Kxe7 23. Qd6+ Ke8 24. Re1+ Qe3 25. Rxe3+ Ne4 26. Nxe4 d4 27. Qe5+ Kf8 28. Nc5 dxe3 29. Nd7# 1-0

[Event "Sachsen-ch U08 op"]
[Site "Sebnitz"]
[Date "2013.10.30"]
[Round "4"]
[White "Kurzweil, Nalani"]
[Black "Mirschel, Thaddeus"]
[Result "1-0"]
[WhiteElo "945"]
[BlackElo "784"]
[PlyCount "115"]
[EventDate "2013.10.28"]
[EventType "swiss"]
[EventRounds "9"]
[EventCountry "GER"]
[SourceTitle "EXT 2018"]
[Source "ChessBase"]
[SourceDate "2017.10.13"]
[SourceVersion "1"]
[SourceVersionDate "2017.10.13"]
[SourceQuality "1"]

1. e4 e5 2. Nf3 Nc6 3. Bc4 Nf6 4. Nc3 Nxe4 5. Nxe4 d5 6. Bxd5 Qxd5 7. Nc3 Qd8 8. d3 Bc5 9. Bg5 f6 10. Bh4 0-0 11. Qd2 b5 12. 0-0 Be6 13. a3 Qd7 14. b4 Bd4 15. Nxd4 exd4 16. Ne4 Rfe8 17. Nc5 Qf7 18. Nxe6 Qxe6 19. Rfe1 Qg4 20. Bg3 Qg5 21. Qxg5 fxg5 22. Bxc7 Re7 23. Rxe7 Nxe7 24. Re1 Re8 25. Bd6 Kf8 26. Bc5 Kf7 27. Bxd4 Nf5 28. Rxe8 Kxe8 29. Bxa7 Kd7 30. c4 Nd6 31. Kf1 bxc4 32. dxc4 Nxc4 33. a4 Nd2+ 34. Ke2 Ne4 35. b5 Kc7 36. b6+ Kb7 37. a5 h5 38. Ke3 Nd6 39. Kf3 Nb5 40. g4 Nxa7 41. bxa7 Kxa7 42. gxh5 Ka6 43. Kg4 Kxa5 44. Kxg5 Kb6 45. Kg6 Kc5 46. Kxg7 Kd4 47. h6 Ke5 48. h7 Kd4 49. h8Q Kd5 50. Qh4 Ke5 51. Qc4 Kd6 52. Kf6 Kd7 53. Qc5 Kd8 54. Qe7+ Kc8 55. Ke6 Kb8 56. Kd6 Ka8 57. Kc6 Kb8 58. Qb7# 1-0